000 00440nam a2200181Ia 4500
001 13316
005 20260306164752.0
008 260306t2017||||xx |||||||||||||| ||spa||
041 _aESP
082 _a001.42
_bP58
100 _aPimienta Prieto, Julio Herminio
_eAUT
245 0 _aMetodología de investigación
260 _c2017
300 _a204 páginas :
_c27 cm.
650 _aGEN
654 _aCHU
942 _cLIB
_dJUS
_fJUS
_2ddc
_n
999 _c13316
_d13316